Statistics for Rubiks cube trivia 2#

Click here to take the quiz!

General Stats

  • This quiz has been taken 55 times
  • The average score is 12 of 15

Answer Stats

QuestionAnswer% Correct
Why do people even bother?Its fun
98%
The C in Cfop stands for crossYes
96%
Who created the Rubiks cube?Erno Rubik
94%
Is it possible to solve a rubiks cube blindfoldedYes
90%
What is the name of the most common method of solving?Cfop
88%
What is the biggest cube in WCA competitions?7x7
86%
What is the 2024 world record for 3x3?3.13 seconds
82%
How many diferent ways of scrambling are there on a 3x3?43 quintillion
82%
What is the minimum amout of moves for any 3x3 to be solved?20
78%
How many different variants of cubes are there?Uknown
76%
Who has the record for 3x3?Max Park
74%
Whats the record for 4x4?16.79
72%
Whats the record for a 2x2?0.43
70%
Who is better?Max Park
70%
What is the most subscribed cubing youtuber?Cubastic
22%

Score Distribution

Percentile by Number Answered

Percent of People with Each Score

Your Score History

You have not taken this quiz